[Event "VIII Iberoamericano Mexico 2022"]
[Site "Mexico City"]
[Date "2022.02.17"]
[Round "6.51"]
[White "Huguet, Sergio"]
[Black "Munoz Ricardo, Wasdin Antonio"]
[Result "1-0"]
[WhiteElo "1977"]
[BlackElo "1745"]
[Annotator "NA"]
[PlyCount "61"]
[EventDate "2022.02.12"]
[EventType "swiss"]
[EventCountry "MEX"]
[SourceTitle "playchess.com"]
[Source "ChessBase"]
[SourceQuality "1"]
[TimeControl "5400+30"]

1. d4 {[%emt 1:31:00]} d5 {[%emt 1:31:00]} 2. Bf4 {[%emt 0:00:30]} c6 {[%emt 0:00:30]} 3. e3 {[%emt 0:00:30]} Bf5 {[%emt 0:00:30]} 4. c4 {[%emt 0:00:30]} Bxb1 {[%emt 0:00:30]} 5. Qxb1 {[%emt 0:00:30]} e6 {[%emt 0:00:30]} 6. a3 {[%emt 0:00:30]} a5 {[%emt 0:00:30]} 7. Nf3 {[%emt 0:00:30]} Nf6 {[%emt 0:00:30]} 8. Bd3 {[%emt 0:00:30]} Nbd7 {[%emt 0:00:30]} 9. O-O {[%emt 0:00:30]} dxc4 {[%emt 0:00:30]} 10. Bxc4 {[%emt 0:00:30]} Nb6 {[%emt 0:00:30]} 11. Bd3 {[%emt 0:00:30]} Nbd5 {[%emt 0:00:30]} 12. Bg3 {[%emt 0:00:30]} Be7 {[%emt 0:00:30]} 13. e4 {[%emt 0:00:30]} Nb6 {[%emt 0:00:30]} 14. h3 {[%emt 0:00:30]} g6 {[%emt 0:00:30]} 15. Qc1 {[%emt 0:00:30]} Nh5 {[%emt 0:00:30]} 16. Be5 {[%emt 0:00:30]} f6 {[%emt 0:00:30]} 17. Bh2 {[%emt 0:00:30]} e5 {[%emt 0:00:30]} 18. g4 {[%emt 0:00:30]} Ng7 {[%emt 0:00:30]} 19. Qe3 {[%emt 0:00:30]} exd4 {[%emt 0:00:30]} 20. Nxd4 {[%emt 0:00:30]} Bc5 {[%emt 0:00:30]} 21. Nxc6 {[%emt 0:00:30]} Bxe3 {[%emt 0:00:30]} 22. Nxd8 {[%emt 0:00:30]} Rxd8 {[%emt 0:00:30]} 23. Bb5+ {[%emt 0:00:30]} Ke7 {[%emt 0:00:30]} 24. fxe3 {[%emt 0:00:30]} h5 {[%emt 0:00:30]} 25. Bc7 {[%emt 0:00:30]} Nd7 {[%emt 0:00:30]} 26. Bxd8+ {[%emt 0:00:30]} Rxd8 {[%emt 0:00:30]} 27. Rad1 {[%emt 0:00:30]} hxg4 {[%emt 0:00:30]} 28. Bxd7 {[%emt 0:00:30]} Rxd7 {[%emt 0:00:30]} 29. Rxd7+ {[%emt 0:00:30]} Kxd7 {[%emt 0:00:30]} 30. Rxf6 {[%emt 0:00:30]} gxh3 {[%emt 0:00:30]} 31. Rf7+ {[%emt 0:00:30]} 1-0

[Event "VIII Iberoamericano Mexico 2022"]
[Site "Mexico City"]
[Date "2022.02.18"]
[Round "7.1"]
[White "Mareco, Sandro"]
[Black "Santos Latasa, Jaime"]
[Result "1/2-1/2"]
[WhiteElo "2643"]
[BlackElo "2640"]
[Annotator "TA"]
[PlyCount "110"]
[EventDate "2022.02.12"]
[EventType "swiss"]
[EventCountry "MEX"]
[SourceTitle "playchess.com"]
[Source "ChessBase"]
[SourceQuality "1"]

{[%evp 9,110,0,10,-3,11,0,0,0,0,0,0,1,0,2,14,8,17,6,9,11,17,13,69,66,72,62,72,60,57,63,79,69,68,69,106,108,126,133,147,153,147,148,147,149,205,186,326,305,1005,182,305,246,247,249,249,181,186,177,177,177,237,227,262,263,239,235,302,290,284,247,367,163,361,359,587,587,541,533,699,64,61,8,54,8,8,8,8,8,8,8,8,0,8,8,8,8,8,8,8,8,8,0,0]} 1. d4 Nf6 2. Nf3 d5 3. Bf4 e6 4. Nbd2 Bd6 5. e3 O-O 6. c3 {D02: 1 d4 d5 2 Nf3 sidelines, including 2...Nf6 3 g3 and 2...Nf6 3 Bf4.} b6 7. Ne5 c5 8. h4 Qc7 9. h5 Nbd7 {[%cal Rd7e5]} 10. Ndf3 {[#]} Ne4 $146 ({Predecessor:} 10... cxd4 11. exd4 Ne4 12. Bd3 Nxe5 13. Bxe5 Bxe5 14. Nxe5 f6 15. Ng4 e5 16. Ne3 exd4 17. cxd4 {½-½ (41) Van Foreest,J (2667)-Kriebel,T (2524) Prague 2020}) 11. Bd3 f6 12. Nxd7 Qxd7 13. Bxd6 Qxd6 14. Qc2 Bb7 15. O-O-O Rac8 (15... c4 $11 16. Bxe4 dxe4) 16. dxc5 $1 $14 Qxc5 {[#]} 17. Nd4 $1 {Threatens to win with Bxe4.} Qe7 $1 18. f3 Ng5 (18... e5 $2 19. Nf5 Qe6 20. fxe4 $18) 19. f4 Ne4 20. g4 Rfe8 21. Rhg1 Kh8 22. Kb1 a6 23. h6 g6 24. Bxe4 dxe4 {[#]} 25. f5 $1 e5 26. Ne6 {White is more active.} Rg8 (26... a5 $16 {was necessary.} 27. Rd2 Bc6) 27. Rg2 gxf5 (27... Bc6 $142) 28. gxf5 $18 Bc6 $2 (28... Rxg2 29. Qxg2 Rg8) 29. Rgd2 $2 (29. Rg7 Qe8 30. Qh2) 29... Rg4 (29... Be8 $142 30. Qxe4 Bh5) 30. Ng7 {aiming for Qb3.} Rg3 31. Qb3 Rxe3 32. Qc4 {[%cal Oc4c6] Prevents Rd3. White wants to mate with Qxc6!} (32. Qxb6 $6 Rd3 $16) 32... Rd3 33. Rxd3 exd3 34. Qxd3 $40 {[%mdl 128] White wants a kill.} (34. Qxa6 Qd7 35. Qxb6 (35. Qxd3 $2 Be4 $19) 35... Qd5 $17) 34... b5 (34... Qf7 $142 35. Qd6 (35. Qxa6 Ra8 $16) 35... Bf3) 35. Qd6 Qxd6 36. Rxd6 {[%mdl 4096] Endgame KRB-KRN} Kg8 (36... Be4+ $2 37. Kc1 $16) 37. Kc1 {And now Nh5 would win.} ({But not} 37. Rxf6 $6 b4 38. Kc2 bxc3 39. bxc3 (39. Kxc3 Bd5+ 40. Kd3 Bxa2 $16) 39... Be4+ 40. Kd2 a5) 37... Be4 38. Rxf6 b4 39. Kd2 ({Don't take} 39. Rxa6 $6 bxc3 40. a4 c2 $16) 39... a5 (39... bxc3+ {might work better.} 40. bxc3 a5) 40. Re6 (40. Ne6 $142) 40... Bd5 $2 (40... Bb1) 41. Rxe5 Bxa2 (41... bxc3+ {was called for.} 42. bxc3 Rd8) 42. Rxa5 bxc3+ 43. bxc3 Bb3 44. Ra7 $2 (44. Ne6 $18 Bxe6 45. fxe6) 44... Rc6 $14 45. Rb7 ({White should try} 45. Nh5 $14 Rxh6 46. Ng3) 45... Ba2 (45... Rxh6 $11 46. Rxb3 Rh2+ 47. Ke3 Kxg7) 46. Ne6 (46. Nh5 $14 Rxh6 47. Ng3) 46... Bxe6 $11 {The position is equal.} 47. fxe6 Rxe6 {KR-KR} 48. c4 Rxh6 49. Kc3 Kf8 50. c5 Ke8 51. Kc4 Kd8 52. Kb5 Kc8 53. Rg7 Rg6 54. Rxh7 Rf6 55. c6 {Intending Kb6 and mate.} Rf1 {Blacks defense is rewarded with a draw.  Weighted Error Value: White=0.37/Black=0.29 (precise)} 1/2-1/2

[Event "VIII Iberoamericano Mexico 2022"]
[Site "Mexico City"]
[Date "2022.02.18"]
[Round "7.2"]
[White "Meier, Georg"]
[Black "Cori, Jorge"]
[Result "1/2-1/2"]
[WhiteElo "2631"]
[BlackElo "2650"]
[Annotator "TA"]
[PlyCount "93"]
[EventDate "2022.02.12"]
[EventType "swiss"]
[EventCountry "MEX"]
[SourceTitle "playchess.com"]
[Source "ChessBase"]
[SourceQuality "1"]

{[%evp 32,93,56,55,56,54,54,0,66,37,47,43,38,37,44,36,46,33,42,39,43,39,36,0,35,35,35,39,92,35,53,35,41,39,50,42,31,0,64,0,38,0,35,35,35,0,35,35,36,0,43,0,34,0,35,0,25,0,25,25,147,150,180,141]} 1. d4 Nf6 2. Nf3 d5 3. c4 e6 4. g3 Be7 5. Bg2 O-O 6. O-O Nbd7 7. Qc2 c6 8. b3 b6 9. Rd1 Bb7 10. Nc3 Rc8 11. e4 dxe4 12. Nxe4 Nxe4 13. Qxe4 Nf6 14. Qc2 Bd6 15. Bb2 Qe7 16. Re1 Rfd8 17. Rad1 h6 {[#] E08: Closed Catalan: Main Line: 7 Qc2.} 18. Bh3 $146 ({Predecessor:} 18. Qb1 Qc7 19. Qc1 Be7 20. Qe3 Kf8 21. Bh3 Re8 22. Ne5 Rcd8 23. c5 Nd5 24. Qe4 Nf6 25. Qc2 bxc5 26. Nxf7 Kxf7 27. Bxe6+ {1-0 (35) Harika,D (2467)-Sukandar,I (2304) Kolkata 2009}) 18... Re8 19. Bg2 ({White should try} 19. Ne5 $14) 19... Qc7 (19... Red8 $1 $11) 20. Nd2 {[%cal Bf3d2,Bd2f1,Bf1e3][%mdl 32]} Rcd8 21. Nf1 Be7 22. Ne3 a5 23. a3 Rd7 24. Rd3 Rdd8 25. Red1 Qc8 26. Qc1 Rd7 27. Qc2 Red8 28. a4 Re8 29. Bc3 {[%cal Oc4c5]} Red8 {[#]} (29... Qc7 $14) 30. R3d2 ({White should play} 30. c5 $1 $16) 30... Qa8 31. Bb2 Bb4 32. Rd3 {[%cal Od4d5] Hoping for d5!} Be7 33. Qe2 Re8 34. Qc2 Red8 ({Better is} 34... Qc8 $11) 35. Qe2 (35. f4 $5 {[%cal Rf4f5]}) 35... Re8 36. Qc2 Qd8 37. Bc3 Qc7 38. Bb2 Red8 39. Qe2 Ba6 40. Qc2 Bb7 41. Qe2 Ba6 42. Qc2 Bb7 43. Qe2 Ba6 44. Qc2 Bb7 45. f4 c5 (45... Bb4 $11 {remains equal.}) 46. d5 $16 exd5 {[#] And now ...d4 would win.} 47. cxd5 {Weighted Error Value: White=0.19 (very precise) /Black=0.20 (precise)} ({Much less strong is} 47. Nxd5 $6 Nxd5 48. cxd5 (48. Bxd5 Bf8 $11) 48... Bf8 $14) 1/2-1/2

[Event "VIII Iberoamericano Mexico 2022"]
[Site "Mexico City"]
[Date "2022.02.18"]
[Round "7.3"]
[White "Fier, Alexandr"]
[Black "Vazquez, Guillermo"]
[Result "0-1"]
[WhiteElo "2583"]
[BlackElo "2545"]
[Annotator "TA"]
[PlyCount "130"]
[EventDate "2022.02.12"]
[EventType "swiss"]
[EventCountry "MEX"]
[SourceTitle "playchess.com"]
[Source "ChessBase"]
[SourceQuality "1"]

{[%evp 9,130,4,7,5,14,7,0,0,14,6,4,4,18,0,0,0,0,0,0,0,0,0,0,0,4,17,17,14,16,-40,-68,-52,-45,-92,-127,-113,-113,-144,-134,-145,-129,-151,-131,-156,-156,-239,-211,-272,-262,-265,-261,-295,-288,-309,-300,-359,-371,-420,-405,-550,-561,-820,-341,-321,-337,-346,-325,-332,-326,-346,-345,-353,-349,-339,-327,-329,-325,-462,-474,-645,-516,-798,-508,-796,-514,-501,-343,-470,-457,-29981,-554,-585,-523,-577,-552,-509,-529,-690,-690,-690,-676,-648,-627,-488,-416,-2025,-1873,-29958,-29959,-29967,-29967,-29967,-29964,-29974,-29977,-29983,-29981,-29981,-29982,-29983,-29984,-29983,-29984]} 1. e4 c6 2. d4 d5 3. e5 Bf5 4. h4 h5 5. Bd3 Bxd3 6. Qxd3 {[%cal Oe5e6] B12: Caro-Kann: Advance Variation.} Qa5+ 7. Nd2 {[%cal Oe5e6]} e6 $1 8. Ngf3 {The position is equal.} Ne7 9. O-O {[%cal Ob2b4]} Nf5 10. Nb3 {seems to push 10.c4 aside.} Qb5 11. Qd1 c5 12. a4 Qb6 13. dxc5 Bxc5 14. Nxc5 Qxc5 15. c3 Nc6 {[#]} 16. Re1 $146 ({Predecessor:} 16. Bg5 O-O 17. Re1 Rfc8 18. Nd2 g6 19. g4 Ng7 20. Re3 Qf8 21. Bf6 hxg4 22. Qxg4 {1-0 (47) Isanzhulov,A (2338)-Burmakin,V (2510) Almaty 2022}) 16... Rd8 {[%cal Ba8d8,Bd8d7,Bd7c7][%mdl 32]} 17. Bg5 Rd7 18. Rc1 {[%cal Of3d4]} Qb6 19. Nd4 (19. b4 $11) 19... Ncxd4 $15 20. cxd4 Rc7 {Prevents Rc8+.} 21. Rc3 (21. a5 $15 {was preferrable.} Rxc1 22. Qxc1) 21... Kd7 $17 {Black continues to play with concentration.} 22. Qd3 {[#]} Rhc8 $1 (22... Nxd4 $2 23. Be3 $18) 23. Rec1 Qxb2 {[%cal Rc7c3]} (23... Nxd4 24. Be3 Qxb2 25. Rxc7+ (25. Bxd4 Rxc3 26. Rxc3 Rxc3 $14) 25... Rxc7 26. Rxc7+ Kxc7 27. Bxd4 Qc1+ 28. Kh2 $16) 24. Rxc7+ Rxc7 {Dancing on a razor blade.} 25. Rb1 Qc2 {Black is more active.} 26. Qb5+ Qc6 {And now ...Qxb5 would win.} 27. Qb4 (27. Qb3 $17) 27... Qb6 28. Qe1 Qxd4 29. Qe2 {White wants to mate with Qb5+.} f6 ({Not} 29... Qxa4 30. Qxh5 b6 31. Qxf7+ Kc8 32. Qxe6+ Qd7 33. Qg8+ Kb7 34. Re1 $16) 30. exf6 gxf6 31. Bd2 Qg4 ({Stronger than} 31... Qxa4 32. Qxh5 Nd6 33. Re1 $17) ({Wrong is} 31... Qxh4 $2 32. Qb5+ Kd8 33. Re1 $19) 32. Qb5+ Ke7 33. g3 Nd4 34. Qb4+ Kf7 35. Qd6 Nf3+ (35... Rc2 $142 36. Bh6 Kg6) 36. Kg2 $19 Nxh4+ 37. Kh2 Nf3+ 38. Kg2 Re7 39. Bb4 Nh4+ $1 40. Kg1 Nf5 41. Qd8 Re8 42. Qd7+ Ne7 43. Bd6 (43. Bxe7 {might work better.} Rxe7 44. Qc8) 43... h4 {Hoping for ...Qe4.} 44. Qxb7 hxg3 45. Bxg3 (45. Rb3 $142 Qd1+ 46. Kg2 gxf2 47. Kxf2) 45... Qxa4 46. Rc1 (46. Qb4 $142 Qc2 47. Re1) 46... a5 {White must now prevent ...Rh8.} 47. Rc7 Qb4 {To avoid Bd6} 48. Qa6 Rh8 49. Kf1 {[#] Inhibits Qe1+.} (49. Kg2 $19) 49... e5 (49... Qe4 $142 50. Rxe7+ Kg6 51. Rg7+ Kxg7 52. Qa7+ Kg6 53. Qe3 Rh1+ 54. Ke2 Qg4+ 55. Kd2 Qd1+ 56. Kc3 d4+ 57. Qxd4 Qa1+ 58. Kc4 Rc1+ 59. Kd3 Rd1+ 60. Ke2 Qxd4 61. f4 Qd3+ 62. Kf2 Rd2+ 63. Kg1 Qxg3+ 64. Kh1 Qh2#) 50. Qd3 Qe4 51. Qxe4 dxe4 {[%mdl 4096] Endgame KRB-KRN} 52. Ra7 Ke6 53. Rxa5 Nf5 54. Ra6+ Kf7 55. Ra7+ Kg6 56. Kg2 Rg8 57. Bh2 (57. Kh3 $142) 57... Nh4+ 58. Kh3 Nf3 {Black mates.} 59. Bg3 f5 {[%cal Bf6f5,Bf5f4][%mdl 32]} 60. Ra6+ Kg5 61. Kg2 f4 62. Bh2 Rh8 63. Bg1 Kf5 64. Kf1 Rg8 65. Ke2 Nxg1+ {Weighted Error Value: White=0.56/Black=0.51} 0-1

[Event "VIII Iberoamericano Mexico 2022"]
[Site "Mexico City"]
[Date "2022.02.18"]
[Round "7.4"]
[White "Valdes Romero, Leonardo"]
[Black "Alonso Rosell, Alvar"]
[Result "1/2-1/2"]
[WhiteElo "2404"]
[BlackElo "2570"]
[Annotator "TA"]
[PlyCount "53"]
[EventDate "2022.02.12"]
[EventType "swiss"]
[EventCountry "MEX"]
[SourceTitle "playchess.com"]
[Source "ChessBase"]
[SourceQuality "1"]

{[%evp 9,53,0,0,0,0,0,22,0,0,-39,-41,-48,-46,-50,-50,-39,-38,-57,-56,-54,-43,-41,-28,-28,5,6,9,10,102,95,148,118,123,140,233,238,245,255,242,224,218,0,102,0,220,0]} 1. c4 e5 2. Nc3 Nf6 3. Nf3 Nc6 4. e3 Bb4 5. Qc2 O-O 6. Be2 {A28: English Opening: Four Knights Variation.} Re8 7. O-O d6 {[%cal Bd7d6,Bd6d5][%mdl 32]} 8. b3 {The position is equal.} Bg4 {[#]} 9. Bb2 $146 ({Predecessor:} 9. Re1 e4 10. Nd4 Bxc3 11. Nxc6 bxc6 12. Qxc3 Bxe2 13. Rxe2 Ng4 14. f4 exf3 15. gxf3 {1-0 (61) Cossin,S (2059)-Glicenstein,A (2124) Avignon 1999}) 9... e4 10. Nd4 Nxd4 11. exd4 Bxe2 12. Nxe2 {And now a3 would win.} d5 13. c5 {a3 is the strong threat.} c6 14. Bc3 Bxc3 15. Qxc3 Nh5 16. f4 exf3 17. Qxf3 Nf6 18. Ng3 Kh8 (18... Qc7 $11 {remains equal.}) 19. Nf5 $1 $16 Ne4 ({Better is} 19... Re4) 20. d3 $1 ({Weaker is} 20. Nxg7 Kxg7 21. d3 Nf6 22. Qg3+ Kh8 $17) 20... Ng5 21. Qg4 f6 {[#]} (21... Rf8 $16 {was called for.}) 22. h4 $1 $18 Ne6 23. Rae1 {[%cal Oe1e6] Hoping for Rxe6!} Qd7 24. Nd6 Re7 25. Nf5 (25. Re3 $18 {and White stays clearly on top.}) 25... Ree8 $16 26. Nd6 {White is much more active.} (26. Qg3 $16) 26... Re7 $18 {[#]} 27. Nf5 $2 {Weighted Error Value: White=0.17 (very precise) /Black=0.18 (very precise)} ({Only move:} 27. Re3 $1 $18) 1/2-1/2

[Event "VIII Iberoamericano Mexico 2022"]
[Site "Mexico City"]
[Date "2022.02.18"]
[Round "7.5"]
[White "Albornoz Cabrera, Carlos Daniel"]
[Black "Diaz Perez, Michel Alejandro"]
[Result "1/2-1/2"]
[WhiteElo "2567"]
[BlackElo "2459"]
[Annotator "TA"]
[PlyCount "88"]
[EventDate "2022.02.12"]
[EventType "swiss"]
[EventCountry "MEX"]
[SourceTitle "playchess.com"]
[Source "ChessBase"]
[SourceQuality "1"]

{[%evp 23,88,0,58,52,41,18,53,26,33,47,48,47,60,43,39,48,77,95,84,78,67,87,87,93,81,51,53,50,76,65,76,81,79,59,50,47,59,42,54,66,80,54,52,55,85,72,72,76,90,97,168,0,0,-20,-11,-18,0,0,0,0,0,0,0,0,0,0,0]} 1. e4 e5 2. Nf3 Nc6 3. Bb5 {[%cal Bf1b5,Bb5a4,Ba4b3][%mdl 32]} a6 4. Ba4 Nf6 5. O-O Be7 6. Re1 b5 7. Bb3 d6 8. c3 O-O 9. h3 Bb7 10. d4 Re8 11. Nbd2 Bf8 12. a4 g6 ({Black should play} 12... Na5 $11) 13. Ng5 {C92: Closed Ruy Lopez: 9...Be6, Karpov and Flohr-Zaitsev Variations.} Re7 14. d5 (14. Ndf3 {with more complications.} Qe8 15. Nxf7 Rxf7 16. axb5 axb5 17. Rxa8 Bxa8 18. Bg5) 14... Nb8 {[%cal Bc6b8,Bb8d7,Bd7c5][%mdl 32]} 15. Qe2 {White is slightly better.} h6 16. Ngf3 Nbd7 17. axb5 axb5 18. Rxa8 Qxa8 19. Qxb5 Nc5 {To avoid Qa4} 20. Bc2 $1 c6 {[#]} 21. dxc6 Bxc6 22. Qe2 {[#]} d5 $146 ({Predecessor:} 22... Ra7 23. b4 Na4 24. Qe3 Rc7 25. c4 Bd7 26. Bb3 Be6 27. Qd3 Nd7 28. Nf1 Ndb6 {1-0 (50) Ernst,T (2540)-Lundberg,O Stockholm 1992}) 23. exd5 Bxd5 24. Nc4 e4 {[#]} 25. Nb6 $1 Qa2 (25... exf3 $2 26. Qxe7 Bxe7 27. Nxa8 $18) (25... Qa1 26. Nxd5) 26. Nxd5 Nxd5 27. Nd4 Nd3 28. Bb3 Qa8 29. Rd1 Qb7 30. Bc4 Nxc1 31. Rxc1 Bg7 32. Rd1 {[%cal Od4f5]} Nf4 33. Qe3 Qc7 34. b3 Kh7 35. h4 f5 36. Ra1 {And now Ra8 would win.} Rd7 {[#]} (36... h5 $16 37. Ra3 Rd7) 37. Ne2 $2 (37. g3 $1 $18 {[%cal Rg3f4]} Bxd4 38. cxd4) 37... Nxe2+ $11 {The position is equal.} 38. Qxe2 Bxc3 39. Rd1 h5 40. Rxd7+ Qxd7 41. g3 Qd2 42. Qxd2 Bxd2 43. Kf1 Bb4 44. Ke2 Kg7 {Weighted Error Value: White=0.12 (very precise) /Black=0.13 (very precise)} 1/2-1/2

[Event "VIII Iberoamericano Mexico 2022"]
[Site "Mexico City"]
[Date "2022.02.18"]
[Round "7.6"]
[White "Sanchez Alvarez, Roberto Carlos"]
[Black "Cuenca Jimenez, Jose Fernando"]
[Result "1/2-1/2"]
[WhiteElo "2407"]
[BlackElo "2552"]
[Annotator "TA"]
[PlyCount "57"]
[EventDate "2022.02.12"]
[EventType "swiss"]
[EventCountry "MEX"]
[SourceTitle "playchess.com"]
[Source "ChessBase"]
[SourceQuality "1"]

{[%evp 18,57,35,37,46,44,39,41,49,0,0,0,3,5,4,0,0,0,0,0,0,0,8,13,28,16,19,10,24,11,52,52,52,52,42,35,46,0,0,0,29991,-1178]} 1. d4 Nf6 2. c4 e6 3. Nf3 d5 4. Nc3 Nbd7 5. Bg5 h6 6. Bh4 Be7 7. e3 O-O 8. Qc2 a6 9. cxd5 exd5 10. Bd3 b6 {D35: Queen's Gambit Declined: Exchange Variation.} 11. O-O Bb7 12. Rad1 Re8 {White is slightly better.} 13. Ne5 (13. Rfe1 $14) 13... Nxe5 $11 14. dxe5 Ng4 {[%csl LRe5,LRh4]} 15. Bg3 Bh4 $1 {[#]} 16. Bxh4 $146 ({Predecessor:} 16. Bh7+ Kh8 17. Bf5 Bxg3 18. hxg3 Nxe5 19. Nxd5 Bxd5 20. e4 c6 21. exd5 cxd5 22. Be4 Rc8 23. Qa4 Rc4 {0-1 (23) Degenhard,S (2138)-Krockenberger,M (2149) Wuerttemberg 2019}) 16... Qxh4 {[%csl Gg4][%cal Rh4h2]} 17. h3 Nxe5 18. Nxd5 Nxd3 19. Rxd3 Qg5 20. Rfd1 {Active counter play!} c5 21. e4 {[%cal Be3e4,Be4d5,Bd5d6,Bd6d7][%mdl 32] Rg3 is the strong threat.} Bxd5 22. exd5 Qf5 23. d6 {Threatens to win with d7.} Qd7 (23... Rad8 $1 $11) 24. Rb3 Rab8 25. Qc4 Re6 26. Rbd3 Qb5 27. Qf4 (27. Qc2 $14) 27... Qxb2 28. d7 Qb5 $2 {[%mdl 8192] [#]} 29. Qc4 $4 {[%mdl 40960] Weighted Error Value: White=0.06 (flawless) /Black=0.35. An unexpected result.} 1/2-1/2

[Event "VIII Iberoamericano Mexico 2022"]
[Site "Mexico City"]
[Date "2022.02.18"]
[Round "7.7"]
[White "Obregon Rivero, Juan Carlos"]
[Black "Berdayes Ason, Dylan Isidro"]
[Result "1-0"]
[WhiteElo "2536"]
[BlackElo "2445"]
[Annotator "TA"]
[PlyCount "93"]
[EventDate "2022.02.12"]
[EventType "swiss"]
[EventCountry "MEX"]
[SourceTitle "playchess.com"]
[Source "ChessBase"]
[SourceQuality "1"]

{[%evp 10,93,24,23,29,17,5,5,20,17,21,14,18,17,19,18,30,27,51,41,52,63,57,57,59,57,61,61,60,59,60,60,77,78,75,57,68,66,55,55,50,50,78,75,114,103,169,138,134,134,142,139,131,134,194,204,222,235,202,118,236,235,235,233,225,205,297,283,279,278,269,200,440,433,686,706,664,790,809,789,29994,29974,29965,29961,29996,29997]} 1. e4 e5 2. Bc4 Nf6 3. d3 Bc5 4. Nf3 Nc6 5. O-O d6 6. a4 a6 {C50: Hungarian Defence and Giuoco Pianissimo.} 7. a5 Ba7 {[#]} 8. Be3 $146 ({Predecessor:} 8. c3 O-O 9. h3 h6 10. Be3 Re8 11. Qb3 Qe7 12. Nbd2 Rb8 13. Bxa7 Nxa7 14. d4 {½-½ (58) Esipenko,A (2714)-Nakamura,H (2736) Berlin 2022}) 8... O-O {The position is equal.} 9. Bxa7 Rxa7 10. Re1 Re8 11. c3 Be6 12. Nbd2 {[%cal Bb1d2,Bd2c4,Bc4e5][%mdl 32]} Bxc4 13. dxc4 Ne7 14. c5 Ng6 15. Nc4 {[%cal Rc5d6]} dxc5 16. Qxd8 Rxd8 17. Nfxe5 Nxe5 18. Nxe5 Raa8 19. f3 Kf8 20. Red1 Ke7 21. Kf2 Nd7 22. Nc4 {White is much more active.} Nf6 23. Ke3 Ne8 24. Kf4 Ke6 25. g4 {[%cal Bg2g4,Bg4g5][%mdl 32]} Nf6 26. h4 g6 27. g5 Ng8 (27... Ne8 $16) 28. Kg4 h5+ 29. Kf4 Ne7 30. Ke3 Nc6 31. f4 {Inhibits Ne5.} Ne7 (31... Rxd1 $16 32. Rxd1 Rd8) 32. Ne5 $18 Rd6 33. Nd3 {[%cal Rd3c5] [#]} b6 34. Ne5 (34. b3 $18) 34... Nc8 (34... Rad8 $16 35. Rd3 Ra8) 35. Rf1 Rd8 36. axb6 cxb6 37. Nc4 {[#] aiming for f5+.} f5 (37... Nd6 {was necessary.} 38. Nxb6 Ra7) 38. gxf6 b5 39. Ne5 {Black must now prevent Rg1.} Kxf6 40. Rfd1 Nd6 $2 (40... Rd6 {was worth a try.} 41. Ke2 a5 42. Nd7+ Ke7) 41. b3 Kg7 (41... Nb7 $142 42. Rg1 Rg8 43. Nd7+ Kf7) 42. Rg1 Kh7 43. Rxg6 c4 44. Rag1 {Intending R1g5 and mate.} cxb3 45. R1g5 {[%cal Rg5h5] White mates.} Nc4+ 46. Nxc4 bxc4 47. f5 {Weighted Error Value: White=0.07 (flawless) /Black=0.40} 1-0

[Event "VIII Iberoamericano Mexico 2022"]
[Site "Mexico City"]
[Date "2022.02.18"]
[Round "7.8"]
[White "Galaviz Medina, Sion Radamantys"]
[Black "Almeida Quintana, Omar"]
[Result "0-1"]
[WhiteElo "2374"]
[BlackElo "2535"]
[Annotator "TA"]
[PlyCount "64"]
[EventDate "2022.02.12"]
[EventType "swiss"]
[EventCountry "MEX"]
[SourceTitle "playchess.com"]
[Source "ChessBase"]
[SourceQuality "1"]

{[%evp 9,64,27,39,12,33,37,36,23,54,36,29,26,32,0,0,0,0,0,0,0,5,0,6,0,14,10,16,1,4,0,0,0,4,5,0,0,17,0,0,0,0,-10,-8,-39,-41,-61,-56,-97,-107,-101,-98,-100,-87,-220,-193,-903,-567]} 1. d4 d6 2. c4 e5 3. d5 f5 4. Nc3 g6 5. e4 Bh6 {[#]} 6. Nge2 $146 {A41: 1 d4 d6: Tartakower System and Modern Defence.} ({Predecessor:} 6. Nf3 Bxc1 7. Qxc1 f4 8. h4 Bg4 9. c5 a6 10. Nd2 Ne7 11. f3 Bd7 12. Nc4 {0-1 (55) Singleton,M (2126)-Trevelyan,J (2087) England 2016}) 6... Na6 7. exf5 gxf5 8. Ng3 {White is slightly better.} Qh4 9. Be2 Bxc1 10. Rxc1 Nf6 11. Qc2 (11. O-O $5 {[%cal Rf2f4]}) 11... Rg8 12. Nxf5 Bxf5 13. Qxf5 {[#] Hoping for 0-0.} Rxg2 14. Nd1 Qg5 15. Qxg5 Rxg5 16. Rc3 Kf7 17. Rf1 Re8 18. Rh3 Nc5 19. b4 Ncd7 20. Ne3 Kg8 21. Rg3 Rg6 22. h4 {[%cal Bh2h4,Bh4h5][%mdl 32]} a5 23. b5 Kh8 24. h5 Rgg8 25. Rxg8+ Nxg8 {[%cal Bf6g8,Bg8h6,Bh6f5][%mdl 32]} 26. Rg1 Nh6 27. Kd2 Rf8 28. Nd1 (28. Rf1 $15) 28... Rf4 29. Rh1 Nb6 30. Kc3 Nf5 {Black is more active.} 31. Rg1 {[#]} (31. h6 $17 {might work better.}) 31... Nd4 $1 $19 {Pair of Knights!} 32. Bd3 (32. Kd3) 32... Na4+ {Weighted Error Value: White=0.42/Black=0.03 (flawless)} 0-1